Mexico : (Record no. 1983)
[ view plain ]
| 000 -LEADER | |
|---|---|
| fixed length control field | 01183nam a2200313 a 4500 |
| 001 - CONTROL NUMBER | |
| control field | 2055618 |
| 003 - CONTROL NUMBER IDENTIFIER | |
| control field | GZU |
| 005 - DATE AND TIME OF LATEST TRANSACTION | |
| control field | 20201026123645.0 |
| 008 - FIXED-LENGTH DATA ELEMENTS--GENERAL INFORMATION | |
| fixed length control field | 930218s1992 dcua b i000 0 eng |
| 010 ## - LIBRARY OF CONGRESS CONTROL NUMBER | |
| LC control number | 93117049 |
| 020 ## - INTERNATIONAL STANDARD BOOK NUMBER | |
| International Standard Book Number | 1557753121 |
| 040 ## - CATALOGING SOURCE | |
| Original cataloging agency | DLC |
| Transcribing agency | DLC |
| 043 ## - GEOGRAPHIC AREA CODE | |
| Geographic area code | n-mx--- |
| 050 00 - LIBRARY OF CONGRESS CALL NUMBER | |
| Classification number | HC135 |
| Item number | .MEX 1992 |
| 245 00 - TITLE STATEMENT | |
| Title | Mexico : |
| Remainder of title | the strategy to achieve sustained economic growth / |
| Statement of responsibility, etc. | edited by Claudio Loser and Eliot Kalter ; with a staff team comprising Sharmini Coorey ... [et al.]. |
| 260 ## - PUBLICATION, DISTRIBUTION, ETC. | |
| Place of publication, distribution, etc. | Washington, DC : |
| Name of publisher, distributor, etc. | International Monetary Fund, |
| Date of publication, distribution, etc. | c1992. |
| 300 ## - PHYSICAL DESCRIPTION | |
| Extent | vii, 91 p. : |
| Other physical details | ill. ; |
| Dimensions | 28 cm. |
| 490 1# - SERIES STATEMENT | |
| Series statement | Occasional paper, |
| International Standard Serial Number | 0251-6365 ; |
| Volume/sequential designation | 99 |
| 500 ## - GENERAL NOTE | |
| General note | "September 1992." |
| 504 ## - BIBLIOGRAPHY, ETC. NOTE | |
| Bibliography, etc. note | Includes bibliographical references. |
| 651 #0 - SUBJECT ADDED ENTRY--GEOGRAPHIC NAME | |
| Geographic name | Mexico |
| General subdivision | Economic policy |
| Chronological subdivision | 1970- |
| 651 #0 - SUBJECT ADDED ENTRY--GEOGRAPHIC NAME | |
| Geographic name | Mexico |
| General subdivision | Economic conditions |
| Chronological subdivision | 1982- |
| 700 1# - ADDED ENTRY--PERSONAL NAME | |
| Personal name | Loser, Claudio M., |
| Dates associated with a name | 1943- |
| Relator term | editor |
| 700 1# - ADDED ENTRY--PERSONAL NAME | |
| Personal name | Kalter, Eliot. |
| Relator term | editor |
| 830 #0 - SERIES ADDED ENTRY--UNIFORM TITLE | |
| Uniform title | Occasional paper (International Monetary Fund) ; |
| Volume/sequential designation | no. 99. |
| 906 ## - LOCAL DATA ELEMENT F, LDF (RLIN) | |
| a | 7 |
| b | cbc |
| c | orignew |
| d | 2 |
| e | ncip |
| f | 19 |
| g | y-gencatlg |
| 942 ## - ADDED ENTRY ELEMENTS (KOHA) | |
| Source of classification or shelving scheme | Library of Congress Classification |
| Koha item type | Books |
| Classification part | 135 |
| Item part | MEX |
| Call number prefix | HC |
| Withdrawn status | Lost status | Source of classification or shelving scheme | Damaged status | Not for loan | Collection code | Home library | Current library | Shelving location | Date acquired | Source of acquisition | Total Checkouts | Full call number | Barcode | Date last seen | Copy number | Price effective from | Koha item type |
|---|---|---|---|---|---|---|---|---|---|---|---|---|---|---|---|---|---|
| Library of Congress Classification | Non-fiction | City Campus Library | City Campus Library | General Stacks | 10/26/2020 | International Labour Organisation | HC135 MEX 1992 | 028371 | 10/26/2020 | c. 1 | 10/26/2020 | Books |